000 02043 a2200217 4500
001 21190
005 20260407155502.0
008 260407a2011 arg spa d
003 AR-UNSa-BCEJYS
040 _aAR-UNSa-BCEJYS
_bspa
_cAR-UNSa-BCEJYS
080 _a349.2
_xDerecho del Trabajo
245 1 0 _aManual de derecho laboral para empresas
020 _a978-987-01-1201-3
264 1 _aBuenos Aires :
_bErrepar
_c2011
300 _axxxv, 640 p.
_c21 cm.
505 _a1. El trabajo y el derecho laboral: características diferenciales y contenido. Diferenciación del trabajo dependiente del trabajo autónomo - 2. El sistema jurídico y sus instrumentos. Fuentes, principios y medios técnico-legales - 3. El contrato de trabajo. Los sujetos: el trabajador y el empleador. El proceso de selección. Formas no laborales de contratación. La contratación y la relación laboral. El objeto. Distintos tipos de contratos - 4. Deberes y derechos del empleador frente a los deberes y derechos del trabajador - 5. La renumeración y las prestaciones no remuneratorias - 6.Jornada de trabajo - 7. Los descansos - 8. Mujeres y menores - 9. Enfermedades y accidentes inculpables. Licencias y suspensiones - 10. Extinción del contrato de trabajo - 11. Procedimientos de conciliación. Policia laboral y procedimientos de inspección. Procedimiento de verificación e impugnación de cargas sociales - 12. Estatutos especiales. Estatuto para empresas pequeñas. Estatuto del servicio doméstico. Estatuto del voluntariado. Los caddies del golf - 13. Los sindicatos y la tutela sindical - 14. Los convenios colectivos - 15. La huelga y otras medidas colectivas de acción directa - 16. La seguridad social y el régimen jubilatorio. Los aportes y contribuciones - 17. Riesgos del trabajo - 18. Asignaciones familiares
942 _cBK
590 _aniveau_biblio:m niveau_hierar:0
100 1 _aDe Diego, Julián
856 4 1 _uhttps://biblioeco.unsa.edu.ar/pmb/images/libros/Manual de Derecho Laboral para Empresas.jpg
_yImagen de portada
_qimage/jpeg
999 _c776
_d776